<?xml version="1.0" encoding="UTF-8"?><?xml-stylesheet type="text/xsl" href="static/style.xsl"?><OAI-PMH xmlns="http://www.openarchives.org/OAI/2.0/" xmlns:xsi="http://www.w3.org/2001/XMLSchema-instance" xsi:schemaLocation="http://www.openarchives.org/OAI/2.0/ http://www.openarchives.org/OAI/2.0/OAI-PMH.xsd"><responseDate>2026-04-17T01:36:17Z</responseDate><request verb="GetRecord" identifier="oai:www.recercat.cat:10256/17565" metadataPrefix="marc">https://recercat.cat/oai/request</request><GetRecord><record><header><identifier>oai:recercat.cat:10256/17565</identifier><datestamp>2024-05-22T11:23:01Z</datestamp><setSpec>com_2072_452966</setSpec><setSpec>com_2072_2054</setSpec><setSpec>col_2072_452968</setSpec></header><metadata><record xmlns="http://www.loc.gov/MARC21/slim" xmlns:dcterms="http://purl.org/dc/terms/" xmlns:xsi="http://www.w3.org/2001/XMLSchema-instance" xmlns:doc="http://www.lyncode.com/xoai" xsi:schemaLocation="http://www.loc.gov/MARC21/slim http://www.loc.gov/standards/marcxml/schema/MARC21slim.xsd">
   <leader>00925njm 22002777a 4500</leader>
   <datafield ind2=" " ind1=" " tag="042">
      <subfield code="a">dc</subfield>
   </datafield>
   <datafield ind2=" " ind1=" " tag="720">
      <subfield code="a">Moreno Carreras, Laura</subfield>
      <subfield code="e">author</subfield>
   </datafield>
   <datafield ind2=" " ind1=" " tag="260">
      <subfield code="c">2019</subfield>
   </datafield>
   <datafield ind2=" " ind1=" " tag="520">
      <subfield code="a">Introduction: mental health disorders have a high prevalence throughout the&#xd;
world and may provoke moderate or severe disability. The most common&#xd;
mental health disorders are anxiety disorders and depressive disorders. Anxiety&#xd;
disorders are characterized by somatic and cognitive symptoms. This study&#xd;
focuses on the generalized anxiety disorder, which is defined by excessive,&#xd;
persistent and uncontrollable worries about different aspects of life.&#xd;
The nursing role advocates to tend to people from a holistic perspective, taking&#xd;
into account the different human facets and the environment of each person. It&#xd;
is from this nursing paradigm that this study builds its interventions directed to&#xd;
those who suffer a generalized anxiety disorder.&#xd;
Objectives: the aim of this project is to evaluate the efectiveness of a nursing&#xd;
program, which integrates physical, psychological, emotional, social and&#xd;
spiritual interventions in order to improve the symptomatology and quality of life&#xd;
of those people diagnosed with a generalized anxiety disorder.&#xd;
Methods: 50 people diagnosed with a generalized anxiety disorder will be&#xd;
chosen to participate in a randomized quasi experimental pre-post intervention&#xd;
study. Quantitative and qualitative methodology will be used, through six&#xd;
questionnaires and focal groups to measure quality of life, respectively. The&#xd;
study will be carried out at a mental health service located in Girona, which is&#xd;
called Centre de Salut Mental d’Adults del Gironès i el Pla de l’Estany.&#xd;
Applicability of the results: this study may contribute to demonstrate the&#xd;
effectiveness of treating each person from a holistic perspective. Furthermore, it&#xd;
may reflect the wide variety of interventions that nursing can offer in order to&#xd;
improve the lives of people suffering from an anxiety disorder</subfield>
   </datafield>
   <datafield ind1="8" ind2=" " tag="024">
      <subfield code="a">http://hdl.handle.net/10256/17565</subfield>
   </datafield>
   <datafield tag="653" ind2=" " ind1=" ">
      <subfield code="a">Ansietat -- Tractament</subfield>
   </datafield>
   <datafield tag="653" ind2=" " ind1=" ">
      <subfield code="a">Anxiety -- Treatment</subfield>
   </datafield>
   <datafield tag="653" ind2=" " ind1=" ">
      <subfield code="a">Salut mental</subfield>
   </datafield>
   <datafield tag="653" ind2=" " ind1=" ">
      <subfield code="a">Mental health</subfield>
   </datafield>
   <datafield tag="653" ind2=" " ind1=" ">
      <subfield code="a">Infermeria -- Aspectes psicològics</subfield>
   </datafield>
   <datafield tag="653" ind2=" " ind1=" ">
      <subfield code="a">Nursing -- Psychological aspects</subfield>
   </datafield>
   <datafield tag="653" ind2=" " ind1=" ">
      <subfield code="a">Qualitat de vida</subfield>
   </datafield>
   <datafield tag="653" ind2=" " ind1=" ">
      <subfield code="a">Quality of life</subfield>
   </datafield>
   <datafield ind2="0" ind1="0" tag="245">
      <subfield code="a">Efectivitat d’un programa d’intervencions infermeres en la millora del trastorn d’ansietat generalitzada: projecte de recerca</subfield>
   </datafield>
</record></metadata></record></GetRecord></OAI-PMH>